LIBRARY & INFORMATION CENTRE, KCAET, TAVANUR

ONLINE PUBLIC ACCESS CATALOGUE (OPAC)

Introductory nuclear physoics / (Record no. 7199)

MARC details
000 -LEADER
fixed length control field 00444cam a2200181ua 4500
041 ## - LANGUAGE CODE
Language code of text/sound track or separate title eng
082 ## - DEWEY DECIMAL CLASSIFICATION NUMBER
Classification number 539.7
Item number HAl/IN
100 ## - MAIN ENTRY--AUTHOR NAME
Personal name Halliday, David.
245 ## - TITLE STATEMENT
Title Introductory nuclear physoics /
250 ## - EDITION STATEMENT
Edition statement 2 /
260 ## - PUBLICATION, DISTRIBUTION, ETC. (IMPRINT)
Place of publication Mumbai :
Name of publisher Asia Publishing House ,
Year of publication 1963.
300 ## - PHYSICAL DESCRIPTION
Number of Pages 493 ; .
942 ## - ADDED ENTRY ELEMENTS (KOHA)
Koha item type Books
Holdings
Withdrawn status Lost status Damaged status Home library Current library Date acquired Cost, normal purchase price Full call number Accession Number Koha item type
Withdrawn     KAUAET KAUAET 07/04/2012 15.00 539.7 HAI/IN 7608 Books
free website counter